The new peguin dictionary of modern history 1789-1945
Saved in:
| Main Author: | |
|---|---|
| Format: | Book |
| Language: | English |
| Published: |
London :
Penguin Books,
1994
|
| Subjects: | |
| Tags: |
Add Tag
No Tags, Be the first to tag this record!
|
MARC
| LEADER | 00000nam a2200000 i 4500 | ||
|---|---|---|---|
| 001 | 1/4194 | ||
| 008 | 960507s1994 eng d | ||
| 020 | |a 0-14-051274-8 | ||
| 035 | |l 10015489 | ||
| 040 | |a GR-MY-UA |b gre |e aacr | ||
| 041 | 0 | |a eng | |
| 082 | 0 | |a 909.803 | |
| 100 | 1 | |a Townson, Duncan. | |
| 245 | 1 | 4 | |a The new peguin dictionary of modern history 1789-1945 / |c Duncan Townson |
| 260 | |a London : |b Penguin Books, |c 1994 | ||
| 300 | |a 941 p. | ||
| 650 | 0 | 0 | |a History, Modern |x Dictionaries. |
| 852 | |a INST |b LESVOS |e 19960507 |h 909.803 TOW |p 005100010345 |q 005100010345 |t REF |y 23 | ||
| 909 | |a Λ |b 044955 | ||